Finančná analýza a jej praktické využitie v praxi obchodnej spoločnosti

Ukazovatele finančnej analýzy a ukazovatele likvidity. Rozdielové (absolútne) ukazovatele likvidity.

Gespeichert in:
Bibliographische Detailangaben
1. Verfasser: Bolgáč, Ján, 1959-
Weitere Verfasser: Fedorková, Katarína, Gróf, Kamil
Format: Buchkapitel
Sprache:Slowakisch
Schlagworte:
Tags: Tag hinzufügen
Keine Tags, Fügen Sie das erste Tag hinzu!

MARC

LEADER 00000nla a2200000 4500
001 0227468
005 20240502073741.1
041 0 |a slo 
044 |a SK 
245 1 0 |a Finančná analýza a jej praktické využitie v praxi obchodnej spoločnosti  |c Ján Bolgáč, Katarína Fedorková, Kamil Gróf 
520 |a Ukazovatele finančnej analýzy a ukazovatele likvidity. Rozdielové (absolútne) ukazovatele likvidity. 
610 2 0 |a spoločnosti obchodné 
610 2 0 |a analýza finančná 
610 2 0 |a likvidita 
610 2 0 |a ukazovatele finančné 
100 1 |a Bolgáč, Ján, 1959- 
700 1 |a Fedorková, Katarína 
700 1 |a Gróf, Kamil